| 000 | 00676aam a2200253 4500 | ||
|---|---|---|---|
| 005 | 20160922142304.0 | ||
| 008 | 150309b xxu||||| |||| 00| 0 spa d | ||
| 041 | _aspa | ||
| 082 | _a658.3 M342a | ||
| 100 |
_aMaristany, Jaime _922136 |
||
| 245 | _aAdministración de Recursos Humanos | ||
| 260 | _aArgentina | ||
| 260 | _bPrentice-Hall | ||
| 260 | _c2000 | ||
| 300 | _a360 páginas | ||
| 650 |
_aADMINISTRACIÓN DE PERSONAL _9171 |
||
| 650 |
_aRECURSOS HUMANOS _922137 |
||
| 650 |
_aMOTIVACIÓN _922138 |
||
| 650 |
_aSINDICATOS _9401 |
||
| 650 |
_aSELECCIÓN _918415 |
||
| 650 |
_aREMUNERACIONES _919216 |
||
| 650 |
_aEVALUACIÓN DEL DESEMPEÑO _9399 |
||
| 942 | _cBK | ||
| 999 |
_c976 _d976 |
||